[Event "Amplico ch-EUR Rapid"]
[Site "Warsaw POL"]
[Date "2012.12.16"]
[Round "9.49"]
[White "Sadzikowski, Daniel"]
[Black "Sowul, Bartosz"]
[Result "1-0"]
[WhiteTitle "IM"]
[WhiteElo "2449"]
[BlackElo "2180"]
[WhiteFideId "1132253"]
[BlackFideId "1137590"]
[EventDate "2012.12.15"]

1. Nf3 g6 2. d4 Bg7 3. e4 d6 4. Bc4 e6 5. O-O Nd7 6. c3 a6 7. a4 b6 8. Qe2 Ne7
9. Bf4 h6 10. e5 d5 11. Bd3 c5 12. b4 g5 13. Bd2 Nf8 14. h4 c4 15. Bc2 g4 16.
Ne1 h5 17. Bg5 Bh6 18. Bf6 Rg8 19. f3 Qc7 20. fxg4 hxg4 21. g3 Nf5 22. Bxf5 exf5
23. Ng2 Nh7 24. Nf4 Bxf4 25. Rxf4 Be6 26. a5 b5 27. Na3 Kd7 28. Nc2 Rae8 29. Ne3
Kc6 30. Qg2 Nxf6 31. exf6 Rg6 32. Rxf5 Qd6 33. Re5 Rxf6 34. Rf1 Rxf1+ 35. Qxf1
Bd7 36. Qf4 Re7 37. Kf2 f6 38. Rxe7 Qxe7 39. Qb8 Qe4 40. Qb6# 1-0

[Event "Amplico ch-EUR Rapid"]
[Site "Warsaw POL"]
[Date "2012.12.16"]
[Round "10.2"]
[White "Rapport, Richard"]
[Black "Rublevsky, Sergei"]
[Result "0-1"]
[WhiteTitle "GM"]
[BlackTitle "GM"]
[WhiteElo "2621"]
[BlackElo "2688"]
[WhiteFideId "738590"]
[BlackFideId "4115309"]
[EventDate "2012.12.15"]

1. d4 d5 2. c4 c6 3. cxd5 cxd5 4. Bf4 Nc6 5. e3 Nf6 6. Nc3 a6 7. Rc1 Bg4 8. f3
Bh5 9. h4 Bg6 10. Be5 h6 11. Bxf6 gxf6 12. h5 Bh7 13. Bd3 Bxd3 14. Qxd3 e6 15.
g4 Be7 16. Nge2 O-O 17. Kf2 Kh8 18. Qd2 Kh7 19. Na4 Rg8 20. Nc5 Bxc5 21. Rxc5 f5
22. Qd3 Qg5 23. Nf4 Rac8 24. Rc3 Kh8 25. gxf5 e5 26. dxe5 d4 27. Rxc6 Rxc6 28.
e6 dxe3+ 29. Kxe3 fxe6 30. Qd4+ Kh7 31. fxe6 Rxe6+ 32. Kd3 Re5 33. Kc2 Qf5+ 34.
Kc1 Rc8+ 0-1

[Event "Amplico ch-EUR Rapid"]
[Site "Warsaw POL"]
[Date "2012.12.16"]
[Round "10.6"]
[White "Sargissian, Gabriel"]
[Black "Kulaots, Kaido"]
[Result "1-0"]
[WhiteTitle "GM"]
[BlackTitle "GM"]
[WhiteElo "2666"]
[BlackElo "2581"]
[WhiteFideId "13300881"]
[BlackFideId "4500261"]
[EventDate "2012.12.15"]

1. d4 Nf6 2. Nf3 g6 3. c4 Bg7 4. g3 d5 5. cxd5 Nxd5 6. Bg2 Nb6 7. Nc3 Nc6 8. e3
O-O 9. O-O Re8 10. Re1 a5 11. Qe2 Be6 12. Nd2 Nb4 13. Rd1 c6 14. a3 N4d5 15.
Nce4 Bf5 16. Nc5 e5 17. dxe5 Qe7 18. Nd3 Bxd3 19. Qxd3 Qxe5 20. Nf3 Qe7 21. Qc2
Nf6 22. Bd2 Ne4 23. Be1 Nd5 24. Rab1 a4 25. Nd2 Nef6 26. Nc4 h5 27. h3 Ne4 28.
Bxe4 Qxe4 29. Qxe4 Rxe4 30. Nd6 Re7 31. e4 Nf6 32. f3 Ne8 33. Nxe8 Rexe8 34. Bc3
Red8 35. Kf2 Kf8 36. Ke3 Bxc3 37. bxc3 b5 38. Rd4 Ke7 39. f4 Rab8 40. e5 Ke6 41.
Ke4 f6 42. Rbd1 Rxd4+ 43. Rxd4 fxe5 44. fxe5 c5 45. Rd6+ Kf7 46. Rf6+ Kg7 47.
Ra6 b4 48. Ra7+ Kf8 49. axb4 cxb4 50. Rxa4 b3 51. Ra1 b2 52. Rb1 Ke7 53. Kd3 Ke6
54. Kc2 Kxe5 55. Rxb2 Rc8 56. Rb5+ Ke4 57. Kb3 Rc6 58. c4 Rf6 59. Kb4 Kd4 60.
Rd5+ Ke4 61. Rg5 Kd4 62. c5 Rf1 63. c6 Rb1+ 64. Ka5 1-0

[Event "Amplico ch-EUR Rapid"]
[Site "Warsaw POL"]
[Date "2012.12.16"]
[Round "10.7"]
[White "Gajewski, Grzegorz"]
[Black "Leniart, Arkadiusz"]
[Result "1-0"]
[WhiteTitle "GM"]
[BlackTitle "IM"]
[WhiteElo "2644"]
[BlackElo "2470"]
[WhiteFideId "1116207"]
[BlackFideId "1124226"]
[EventDate "2012.12.15"]

1. d4 Nf6 2. c4 g6 3. g3 d5 4. cxd5 Nxd5 5. Bg2 Nb6 6. e4 Bg7 7. Nf3 Bg4 8. d5
c6 9. h3 Bc8 10. Nc3 Bxc3+ 11. bxc3 cxd5 12. e5 Qc7 13. O-O Nc6 14. Re1 Be6 15.
Ng5 Qd7 16. Nxe6 Qxe6 17. Be3 Rd8 18. Bh6 Kd7 19. Bf3 Kc7 20. Bg4 f5 21. exf6
Qxf6 22. Re6 Qxc3 23. Bf4+ Rd6 24. Rc1 Qg7 25. Be5 Qf8 26. Bxh8 Qxh8 27. Rxe7+
Kb8 28. Re1 d4 29. Qd3 a6 30. Bf3 Ne5 31. Qe4 Nxf3+ 32. Qxf3 Qd8 33. Qf7 Ka7 34.
Re7 Nd7 35. Re6 Nb6 36. Re8 Qg5 37. Qc7 Nd7 38. Rb1 Qd5 39. Qc8 1-0

[Event "Amplico ch-EUR Rapid"]
[Site "Warsaw POL"]
[Date "2012.12.16"]
[Round "10.8"]
[White "Gritsak, Orest"]
[Black "Fedoseev, Vladimir3"]
[Result "1-0"]
[WhiteTitle "GM"]
[BlackTitle "GM"]
[WhiteElo "2549"]
[BlackElo "2514"]
[WhiteFideId "14102188"]
[BlackFideId "24130737"]
[EventDate "2012.12.15"]

1. Nf3 Nf6 2. c4 g6 3. Nc3 Bg7 4. d4 d5 5. cxd5 Nxd5 6. e4 Nxc3 7. bxc3 c5 8.
Be3 Qa5 9. Qd2 O-O 10. Rc1 b6 11. h4 Bg4 12. d5 Nd7 13. Nh2 Nf6 14. Nxg4 Nxg4
15. Bg5 f6 16. Bf4 f5 17. Be2 h5 18. Bxg4 fxg4 19. Bh6 Qa4 20. c4 Bd4 21. Bxf8
Rxf8 22. Rf1 Qa3 23. Ke2 Kg7 24. f3 Bb2 25. Rc2 Bf6 26. Qd3 Qxd3+ 27. Kxd3 Bxh4
28. Re2 Bg3 29. e5 Rf5 30. f4 Kf7 31. Ke4 h4 32. Re3 Bh2 33. Ra3 a6 34. Rxa6 h3
35. gxh3 g3 36. Kf3 g5 37. Rxb6 gxf4 38. Kg2 Ke8 39. e6 Kf8 40. Rb2 Kg7 41. Re2
Rf8 42. d6 exd6 43. e7 Re8 44. Rxf4 1-0

[Event "Amplico ch-EUR Rapid"]
[Site "Warsaw POL"]
[Date "2012.12.16"]
[Round "10.12"]
[White "Markowski, Tomasz"]
[Black "Tkachiev, Vladislav"]
[Result "0-1"]
[WhiteTitle "GM"]
[BlackTitle "GM"]
[WhiteElo "2558"]
[BlackElo "2650"]
[WhiteFideId "1105680"]
[BlackFideId "618438"]
[EventDate "2012.12.15"]

1. d4 Nf6 2. Nf3 g6 3. Bg5 Bg7 4. e3 h6 5. Bh4 O-O 6. Be2 d6 7. O-O Nbd7 8. c4
g5 9. Bg3 Nh5 10. Nc3 e6 11. Rc1 Qe7 12. b4 f5 13. Nd2 Nxg3 14. hxg3 Nf6 15. c5
d5 16. b5 Bd7 17. c6 bxc6 18. Qa4 cxb5 19. Bxb5 Rfc8 20. Nb3 c6 21. Ba6 Rcb8 22.
Nc5 Be8 23. Rb1 Nd7 24. Nxd7 Qxd7 25. Qa5 e5 26. dxe5 Bxe5 27. Na4 Rxb1 28. Rxb1
Rb8 29. Rxb8 Bxb8 30. Nc5 Qe7 31. Bd3 f4 32. gxf4 gxf4 33. exf4 Bxf4 34. Nb3 Qh4
35. g3 Bxg3 36. fxg3 Qxg3+ 37. Kh1 Qxd3 38. Qxa7 Bg6 39. Qb8+ Kg7 40. Qe5+ Kf7
41. Qc7+ Kf6 42. Qxc6+ Kg5 43. Qc1+ Kh5 44. Qd2 Qf1+ 45. Kh2 Be4 46. Qd1+ Qf3 0-1

[Event "Amplico ch-EUR Rapid"]
[Site "Warsaw POL"]
[Date "2012.12.16"]
[Round "10.13"]
[White "Socko, Bartosz"]
[Black "Stocek, Jiri"]
[Result "1-0"]
[WhiteTitle "GM"]
[BlackTitle "GM"]
[WhiteElo "2631"]
[BlackElo "2557"]
[WhiteFideId "1107038"]
[BlackFideId "304760"]
[EventDate "2012.12.15"]

1. e4 e5 2. Nf3 Nc6 3. Bb5 Nf6 4. d3 d6 5. O-O Be7 6. d4 exd4 7. Nxd4 Bd7 8.
Bxc6 bxc6 9. Qf3 O-O 10. Nc3 Re8 11. Nf5 Bxf5 12. Qxf5 g6 13. Qf3 Nd7 14. Bf4
Bf6 15. Rfe1 Ne5 16. Qg3 Qb8 17. b3 Qb4 18. Bd2 Bg7 19. Rad1 a5 20. Na4 Qb7 21.
Bc3 Nd7 22. Bxg7 Kxg7 23. f4 Qb4 24. a3 Qb5 25. e5 Kg8 26. exd6 cxd6 27. Rxd6
Nb6 28. Nxb6 Qxb6+ 29. Kh1 Qc5 30. Rd2 Qxa3 31. f5 Qc5 32. Rf1 Qe5 33. fxg6 hxg6
34. Rd7 Qxg3 35. hxg3 Rf8 36. Rc7 a4 37. bxa4 Rxa4 38. Rxc6 Kg7 39. Rc7 Rd4 40.
Kg1 Rd2 41. Rf4 Kh6 42. Rf2 Rd1+ 43. Kh2 f5 44. g4 f4 45. Rc5 Rc1 46. Rf3 Kg7
47. g5 Rh8+ 48. Rh3 Rxh3+ 49. Kxh3 Kf7 50. Kg4 Rg1 51. Kxf4 Rxg2 52. c4 Rc2 53.
Ke5 Re2+ 54. Kd6 Re6+ 55. Kd5 Re7 56. Rb5 Rd7+ 57. Kc6 Rd4 58. c5 Ke6 59. Kb6
Rc4 60. Rb1 Kf5 61. Rg1 Ke6 62. Rf1 Kd5 63. Rd1+ Ke6 64. c6 Rb4+ 65. Kc7 Rb5 66.
Re1+ Kf5 67. Kd6 1-0

[Event "Amplico ch-EUR Rapid"]
[Site "Warsaw POL"]
[Date "2012.12.16"]
[Round "10.14"]
[White "Popov, Valerij"]
[Black "Bartel, Mateusz"]
[Result "1-0"]
[WhiteTitle "GM"]
[BlackTitle "GM"]
[WhiteElo "2557"]
[BlackElo "2629"]
[WhiteFideId "4119410"]
[BlackFideId "1112635"]
[EventDate "2012.12.15"]

1. c4 e5 2. g3 Nc6 3. Nc3 g6 4. Bg2 Bg7 5. e4 d6 6. Nge2 h5 7. h4 Nh6 8. d3 O-O
9. O-O f5 10. Bg5 Qd7 11. Nd5 Qf7 12. Qd2 Kh7 13. Rae1 Be6 14. b4 a6 15. a3 Rae8
16. Rc1 Nb8 17. a4 c6 18. Nf6+ Bxf6 19. Bxh6 Rg8 20. Bg5 Bh8 21. b5 Rc8 22. Qb4
c5 23. Qd2 b6 24. Nc3 a5 25. exf5 gxf5 26. Bd5 Nd7 27. Bxe6 Qxe6 28. Qe2 Qf7 29.
Nd5 Rce8 30. Rce1 Bg7 31. Qf3 Bh6 32. Bxh6 Kxh6 33. Kh1 Ref8 34. Qe3+ Kh7 35. f4
Rg4 36. Rf3 Qg7 37. Qf2 Rg6 38. Ree3 Nf6 39. Nxf6+ Qxf6 40. Qe1 Re8 41. Re2 Rg7
42. fxe5 dxe5 43. Ref2 f4 44. Qe4+ Rg6 45. Re2 Qe6 46. Kg2 Kh6 47. Rxf4 exf4 48.
Qxf4+ Kg7 49. Rxe6 Rexe6 50. d4 cxd4 51. Qxd4+ Kh7 52. Qd5 Kh6 53. Qd2+ Kh7 54.
c5 bxc5 55. Qxa5 Re2+ 56. Kf3 Re7 57. Qc3 Reg7 58. Qe5 Kh6 59. a5 c4 60. a6 c3
61. a7 Rg8 62. Kf2 c2 63. Qf4+ Kg7 64. Qc7+ 1-0

[Event "Amplico ch-EUR Rapid"]
[Site "Warsaw POL"]
[Date "2012.12.16"]
[Round "10.15"]
[White "Jussupow, Artur"]
[Black "Bryzgalin, Kirill"]
[Result "1/2-1/2"]
[WhiteTitle "GM"]
[BlackTitle "GM"]
[WhiteElo "2611"]
[BlackElo "2485"]
[WhiteFideId "4618777"]
[BlackFideId "4133285"]
[EventDate "2012.12.15"]

1. d4 d5 2. e3 Nf6 3. Nf3 c6 4. c4 Bf5 5. Nc3 e6 6. Bd3 Bg6 7. O-O Nbd7 8. b3
Be7 9. Bb2 O-O 10. Qc2 Re8 11. Bxg6 hxg6 12. e4 dxe4 13. Nxe4 Qa5 14. Ng3 Rad8
15. Rae1 b5 16. Ne5 Rc8 17. f4 bxc4 18. bxc4 c5 19. d5 exd5 20. Nxd7 Nxd7 21. f5
Qb6 22. fxg6 fxg6 23. cxd5 Bh4 24. Rxe8+ Rxe8 25. Ne4 c4+ 26. Kh1 Qe3 27. Nd6
Qf4 28. Qxc4 Qxd6 29. Qxh4 Qxd5 30. Qd4 Qxd4 31. Bxd4 Re2 32. a3 Nb6 33. h3 Rd2
34. Bc5 Rd8 35. Rb1 Rd3 36. Bxb6 axb6 37. Rxb6 Rxa3 38. Rxg6 Kh7 39. Rg4 Kh6 40.
Kh2 Ra5 41. Rb4 Ra3 42. h4 g5 1/2-1/2

[Event "Amplico ch-EUR Rapid"]
[Site "Warsaw POL"]
[Date "2012.12.16"]
[Round "10.17"]
[White "Stupak, Kirill"]
[Black "Kempinski, Robert"]
[Result "0-1"]
[WhiteTitle "GM"]
[BlackTitle "GM"]
[WhiteElo "2526"]
[BlackElo "2599"]
[WhiteFideId "13503758"]
[BlackFideId "1105663"]
[EventDate "2012.12.15"]

1. d4 d5 2. Nf3 Nf6 3. g3 g6 4. Bg2 Bg7 5. O-O O-O 6. c4 Nc6 7. Nbd2 a5 8. b3 a4
9. Bb2 Bf5 10. cxd5 Nxd5 11. e4 a3 12. Bc1 Nxd4 13. Nxd4 Bxd4 14. exd5 Bxa1 15.
Nc4 Bg7 16. Nxa3 Qd7 17. Qe2 Rfe8 18. Nc4 Bg4 19. Qc2 Bh3 20. Bxh3 Qxh3 21. Bf4
e5 22. dxe6 Rxe6 23. Bxc7 g5 24. Qd1 Rc6 25. Bd6 Rd8 26. Qd5 Qe6 27. Qxe6 fxe6
28. Be7 Rd5 29. Ne3 Rd2 30. Bxg5 Rxa2 31. Rd1 Ra1 32. Rxa1 Bxa1 33. Nc4 b5 34.
Na5 Rc2 35. Be3 e5 36. Kg2 Bd4 37. Kf3 Kf7 38. Bxd4 exd4 39. Ke4 Rxf2 40. Nc6
Rxh2 41. Nxd4 b4 42. Nc6 Rb2 43. Nd4 Kf6 44. Kf4 Rb1 45. Ke4 Kg5 46. Kf3 Rd1 47.
Ne6+ Kf5 48. Nc5 Rd5 49. g4+ Ke5 0-1

[Event "Amplico ch-EUR Rapid"]
[Site "Warsaw POL"]
[Date "2012.12.16"]
[Round "10.19"]
[White "Banusz, Tamas"]
[Black "Bukavshin, Ivan"]
[Result "0-1"]
[WhiteTitle "GM"]
[BlackTitle "GM"]
[WhiteElo "2580"]
[BlackElo "2510"]
[WhiteFideId "722413"]
[BlackFideId "4199758"]
[EventDate "2012.12.15"]

1. c4 e5 2. Nc3 Nf6 3. Nf3 Nc6 4. a3 d5 5. cxd5 Nxd5 6. Qc2 Nxc3 7. dxc3 Bd6 8.
e4 Qe7 9. Bg5 Qe6 10. Nd2 Qg6 11. Be3 O-O 12. Nc4 f5 13. Nxd6 cxd6 14. exf5 Bxf5
15. Qb3+ Kh8 16. O-O-O Be6 17. Qa4 d5 18. Bd3 Qf6 19. Bc2 a6 20. Bb6 Qh6+ 21.
Kb1 Rf4 22. Be3 Rxa4 23. Bxh6 Rg4 24. Be3 Rxg2 25. Bb3 Rd8 26. f4 Bf5+ 27. Ka2
d4 28. cxd4 exd4 29. Bd2 h6 30. Ba4 Be6+ 31. Ka1 b5 32. Bc2 d3 33. Bb1 Nd4 34.
Bc3 Nb3+ 35. Ka2 d2 36. a4 Nc5+ 37. Ka3 Nxa4 38. Ba5 Rd7 39. f5 Bf7 40. Be4 Re2
41. Bc2 Re3+ 42. b3 Nc3 43. Bxc3 Rxc3 44. Kb2 Re3 45. Ra1 Bh5 46. Rhg1 Rd6 47.
b4 Re2 48. Bd1 Rxh2 49. Ra3 Bxd1 50. Rxd1 Rf2 0-1

[Event "Amplico ch-EUR Rapid"]
[Site "Warsaw POL"]
[Date "2012.12.16"]
[Round "10.20"]
[White "Demuth, Adrien"]
[Black "Neiksans, Arturs"]
[Result "0-1"]
[WhiteTitle "IM"]
[BlackTitle "GM"]
[WhiteElo "2480"]
[BlackElo "2534"]
[WhiteFideId "642274"]
[BlackFideId "11601388"]
[EventDate "2012.12.15"]

1. d4 f5 2. g3 Nf6 3. Bg2 g6 4. c4 Bg7 5. Nf3 O-O 6. Nc3 d6 7. O-O c6 8. d5 e5
9. dxe6 Bxe6 10. Qd3 Qe7 11. Ng5 Nbd7 12. Rd1 Ne5 13. Qxd6 Qxd6 14. Rxd6 Bxc4
15. b3 Nf7 16. Rd1 Nxg5 17. Bxg5 Bf7 18. Rac1 Rad8 19. Na4 Rxd1+ 20. Rxd1 Nd5
21. Nc5 b6 22. Nd7 Re8 23. Kf1 Be6 24. Bxd5 Bxd5 25. Nf6+ Bxf6 26. Bxf6 Kf7 27.
Bc3 Ke6 28. f3 c5 29. Rd3 Kd6 30. Kf2 Kc6 31. Re3 Rxe3 32. Kxe3 b5 33. b4 cxb4
34. Bxb4 Bxa2 35. Kd4 a6 36. Ba5 Bc4 37. e3 Be2 38. f4 Bf3 39. Bd8 Bg2 40. Ba5
Bd5 41. Bb4 Bf7 42. Ba5 Ba2 43. h3 h5 44. Bb4 Kb6 45. Bc5+ Ka5 46. Ke5 b4 47.
Kf6 Kb5 48. Bd4 a5 49. Kxg6 a4 50. Kxh5 a3 51. g4 fxg4 52. hxg4 b3 0-1

[Event "Amplico ch-EUR Rapid"]
[Site "Warsaw POL"]
[Date "2012.12.16"]
[Round "10.21"]
[White "Piesik, Piotr"]
[Black "Zhigalko, Andrey"]
[Result "0-1"]
[BlackTitle "GM"]
[WhiteElo "2176"]
[BlackElo "2589"]
[WhiteFideId "1136194"]
[BlackFideId "13502247"]
[EventDate "2012.12.15"]

1. Nf3 Nf6 2. g3 g6 3. Bg2 Bg7 4. O-O O-O 5. d4 d6 6. Nbd2 Nbd7 7. e4 e5 8. dxe5
dxe5 9. Qe2 a5 10. a4 b6 11. Rd1 Re8 12. b3 Ba6 13. Qe1 Bf8 14. Bf1 Bb7 15. Bb2
Bb4 16. Qe2 Qe7 17. Nc4 Nxe4 18. Nfxe5 Nxe5 19. Nxe5 Nc3 20. Qc4 Qxe5 21. Rd7
Qf6 22. Rxc7 Qf3 23. Rxb7 Qxb7 24. Bg2 Qc8 25. Bc6 Re6 26. Bxa8 Ne2+ 27. Kg2
Qxa8+ 28. f3 Qd8 29. Rf1 Bc5 30. Qa6 h5 31. Qb7 h4 32. Ba1 Rd6 33. Be5 Rd2 34.
Kh3 hxg3 35. hxg3 Ng1+ 36. Rxg1 Bxg1 37. Qc6 Rh2+ 38. Kg4 f5+ 0-1

[Event "Amplico ch-EUR Rapid"]
[Site "Warsaw POL"]
[Date "2012.12.16"]
[Round "10.22"]
[White "Le Roux, Jean-Pierre"]
[Black "Kanarek, Marcel"]
[Result "1-0"]
[WhiteTitle "GM"]
[BlackTitle "IM"]
[WhiteElo "2569"]
[BlackElo "2482"]
[WhiteFideId "609404"]
[BlackFideId "1126822"]
[EventDate "2012.12.15"]

1. Nf3 Nf6 2. c4 d6 3. d4 g6 4. g3 Bg7 5. Bg2 O-O 6. O-O Nc6 7. Nc3 Bf5 8. b3
Ne4 9. Nd5 Bd7 10. Bb2 e6 11. Nf4 a6 12. Qc2 f5 13. Rad1 Qe8 14. Nd3 Ne7 15. Nd2
Nxd2 16. Rxd2 Rb8 17. Rc1 g5 18. b4 Ng6 19. b5 f4 20. a4 g4 21. gxf4 Nxf4 22.
Nxf4 Rxf4 23. d5 Bxb2 24. Qxb2 e5 25. b6 c5 26. dxc6 Bxc6 27. c5 Bxg2 28. Kxg2
dxc5 29. Qa2+ Kh8 30. Qd5 Qe7 31. Qxc5 Qxc5 32. Rxc5 Rxa4 33. Rc7 Rb4 34. Rd6 a5
35. Rh6 Kg8 36. Rh5 Rxb6 37. Rxe5 Ra8 38. Ree7 a4 39. Rg7+ Kh8 40. Rxh7+ Kg8 41.
Rhg7+ Kf8 42. Rh7 Kg8 43. Rcg7+ Kf8 44. Rf7+ Kg8 45. Rhg7+ Kh8 46. Rxb7 Rxb7 47.
Rxb7 a3 48. Rb1 a2 49. Ra1 Kg7 50. Kf1 Kg6 51. Ke1 Kg5 52. Kd2 Kh4 53. Ke3 Kh3
54. Kf4 Rf8+ 55. Ke3 Re8+ 56. Kd3 Ra8 57. e4 Kxh2 58. Ke3 Ra3+ 59. Kf4 Kh3 60.
Kg5 Ra5+ 61. Kf4 Ra3 62. Kg5 Ra5+ 63. Kf4 Ra3 64. Kg5 Ra5+ 65. Kf4 Ra4 66. Kf5
Kg2 67. Kxg4 Kxf2 68. Kf5 Ke3 69. e5 Kd4 70. e6 Kd5 71. e7 Ra8 72. Rxa2 Rxa2 73.
e8=Q Rf2+ 74. Kg4 Rb2 75. Qa4 Kc5 76. Kf3 Rb7 77. Ke3 Re7+ 78. Kd3 Kd5 79. Qb5+
Ke6 80. Ke4 Kf6+ 81. Kf4 Re1 82. Qb2+ Kg6 83. Qb5 Rc1 84. Qb6+ Kf7 85. Kg5 Rc3
86. Qf6+ 1-0

[Event "Amplico ch-EUR Rapid"]
[Site "Warsaw POL"]
[Date "2012.12.16"]
[Round "10.24"]
[White "Blechzin, Igor"]
[Black "Petrosian, Tigran L."]
[Result "0-1"]
[WhiteTitle "IM"]
[BlackTitle "GM"]
[WhiteElo "2447"]
[BlackElo "2648"]
[WhiteFideId "4116208"]
[BlackFideId "13301616"]
[EventDate "2012.12.15"]

1. d4 d5 2. c4 c6 3. Nf3 Nf6 4. Qc2 dxc4 5. Qxc4 Bf5 6. g3 e6 7. Bg2 Nbd7 8. O-O
Be7 9. Nc3 Ne4 10. Qb3 Qb6 11. Bf4 O-O 12. Qxb6 axb6 13. Ne5 Nxc3 14. bxc3 Nxe5
15. Bxe5 b5 16. e4 Bg6 17. d5 f6 18. Bc7 e5 19. d6 Bd8 20. Rfd1 Bxc7 21. dxc7
Rac8 22. Rd7 Be8 23. Rad1 Rf7 24. Rd8 Rfxc7 25. Bh3 Rxd8 26. Rxd8 Kf7 27. f4 Ke7
28. Rb8 c5 29. Bc8 Bc6 30. fxe5 fxe5 31. Kf2 Bxe4 32. Ke3 Bc6 33. a3 Kd6 34. h4
Rf7 35. Bg4 Rf1 36. Rd8+ Ke7 37. Rh8 Rg1 38. Bf5 Rxg3+ 39. Ke2 h6 0-1

[Event "Amplico ch-EUR Rapid"]
[Site "Warsaw POL"]
[Date "2012.12.16"]
[Round "10.25"]
[White "Drozdowski, Kacper"]
[Black "Erdos, Viktor"]
[Result "1-0"]
[WhiteTitle "FM"]
[BlackTitle "GM"]
[WhiteElo "2426"]
[BlackElo "2640"]
[WhiteFideId "1136720"]
[BlackFideId "719978"]
[EventDate "2012.12.15"]

1. e4 e5 2. Nf3 Nc6 3. Bc4 Bc5 4. c3 Nf6 5. d3 O-O 6. Bb3 d5 7. Nbd2 dxe4 8.
dxe4 Nh5 9. O-O Qf6 10. Bd5 Nf4 11. Nb3 Bd6 12. Bxf4 Qxf4 13. Qd2 Qg4 14. h3 Qg6
15. Qg5 Qxg5 16. Nxg5 Ne7 17. c4 c6 18. c5 Bc7 19. Bc4 Ng6 20. Rfd1 Nf4 21. Rd2
h6 22. Nf3 g6 23. Rad1 Kg7 24. a4 Kf6 25. Kh2 Ke7 26. Rd6 f6 27. Nh4 g5 28. Nf5+
Bxf5 29. exf5 Rfd8 30. g3 Bxd6 31. cxd6+ Rxd6 32. Rxd6 Kxd6 33. gxf4 exf4 34.
Kg2 Ke5 35. Be6 b6 36. Kf3 Rd8 37. Ke2 h5 38. f3 Rd6 39. Nd2 b5 40. Ne4 Rd4 41.
axb5 cxb5 42. Nc5 Kd6 43. Ne4+ Ke7 44. Nc3 Kf8 45. Nd5 Kg7 46. Nc7 Kf8 47. b3 a5
48. Nxb5 Rb4 49. Nc3 Kg7 50. Kd3 Kh6 51. Ne4 Kg7 52. Nc5 Kh6 53. Bc4 Rb6 54. Ne6
Rd6+ 55. Kc3 Rd1 56. Nc7 Rh1 57. Ne8 Rxh3 58. Nxf6 Rxf3+ 59. Kd4 Re3 60. Ne4 g4
61. f6 g3 62. f7 Kg7 63. Nf6 Re1 64. Nxh5+ Kf8 65. Nxf4 Kg7 66. Nh5+ Kf8 67.
Nxg3 a4 68. bxa4 Ra1 69. Bb3 Ra3 70. Kc3 Rxa4 71. Bxa4 Kxf7 72. Kd4 Ke6 73. Ne4
Kf5 74. Bd7+ Kf4 75. Be6 Kf3 76. Nc3 Kf4 77. Nd5+ Kg5 78. Ke5 Kg6 79. Nf4+ Kg5
80. Bf5 Kh6 81. Ne6 Kh5 82. Kf4 Kh6 83. Be4 Kh5 84. Kf5 Kh6 85. Kf6 Kh5 86. Bf3+
Kh6 87. Bg4 Kh7 88. Ng5+ Kh8 89. Nf7+ Kg8 90. Bf5 Kf8 91. Bh7 Ke8 92. Ne5 Kf8
93. Nd7+ Ke8 94. Ke6 Kd8 95. Kd6 Ke8 96. Bg6+ Kd8 97. Bf7 Kc8 98. Bc4 Kb7 99.
Bb5 Kc8 100. Nb6+ Kd8 101. Nd5 Kc8 102. Ke7 Kb7 103. Kd7 1-0

[Event "Amplico ch-EUR Rapid"]
[Site "Warsaw POL"]
[Date "2012.12.16"]
[Round "10.26"]
[White "Krasenkow, Michal"]
[Black "Berzinsh, Roland"]
[Result "1-0"]
[WhiteTitle "GM"]
[BlackTitle "IM"]
[WhiteElo "2628"]
[BlackElo "2411"]
[WhiteFideId "1113100"]
[BlackFideId "11600357"]
[EventDate "2012.12.15"]

1. d4 d5 2. c4 dxc4 3. Nf3 Nf6 4. Qa4+ Nc6 5. Nc3 Nd5 6. Ne5 Nb6 7. Nxc6 bxc6 8.
Qxc6+ Bd7 9. Qf3 e6 10. e4 c5 11. d5 exd5 12. exd5 Bd6 13. Be2 O-O 14. O-O Qh4
15. g3 Qh3 16. Ne4 Be5 17. Nxc5 Bf5 18. Re1 Bd4 19. Ne4 Bg6 20. Bf1 Qd7 21. Rd1
Be5 22. Nc3 Bf5 23. Be2 Bc2 24. Re1 Rfe8 25. Bf4 Qf5 26. Bxe5 Qxe5 27. Rac1 Bf5
28. Red1 Rad8 29. Bf1 Bg6 30. Qf4 Qxf4 31. gxf4 Bh5 32. Rd4 Rd6 33. Bg2 a6 34.
Kf1 Bg6 35. Bf3 Bd3+ 36. Kg2 Nd7 37. b3 Nc5 38. bxc4 Ne6 39. c5 Rdd8 40. Rb4
Nxc5 41. Nd1 Nd7 42. Rd4 Bg6 43. Ne3 f6 44. Bg4 Nf8 45. Rc6 Be4+ 46. Bf3 Bg6 47.
Rxa6 Ne6 48. dxe6 Rxd4 49. f5 Kf8 50. fxg6 hxg6 1-0

[Event "Amplico ch-EUR Rapid"]
[Site "Warsaw POL"]
[Date "2012.12.16"]
[Round "10.27"]
[White "Baghdasaryan, Vahe"]
[Black "Nyzhnyk, Illya"]
[Result "0-1"]
[WhiteTitle "IM"]
[BlackTitle "GM"]
[WhiteElo "2388"]
[BlackElo "2637"]
[WhiteFideId "13303139"]
[BlackFideId "14118084"]
[EventDate "2012.12.15"]

1. e4 c5 2. Nf3 d6 3. d4 cxd4 4. Nxd4 Nf6 5. Nc3 a6 6. h3 e5 7. Nde2 h5 8. Bg5
Nbd7 9. Ng3 g6 10. Bc4 Be7 11. Qd2 h4 12. Nf1 b5 13. Bxf6 Nxf6 14. Bd5 Rb8 15.
Ne3 b4 16. Ne2 Be6 17. Qd3 a5 18. O-O Nxd5 19. Nxd5 Bg5 20. f4 exf4 21. Nexf4
O-O 22. Rad1 Rc8 23. Kh1 Bxf4 24. Rxf4 Bxd5 25. exd5 Qe7 26. Rdf1 f5 27. c4 bxc3
28. bxc3 Qf6 29. c4 Rfe8 30. Qd2 a4 31. Qf2 Rb8 32. Rxh4 Rb2 33. Qf4 Rxa2 34. c5
Ra1 35. Rxa1 Qxa1+ 36. Kh2 dxc5 37. Qg5 Qe5+ 38. Kh1 Qd6 39. Kg1 Re4 40. Rh6 Kg7
41. h4 Rg4 42. Qxf5 Rxh4 0-1

[Event "Amplico ch-EUR Rapid"]
[Site "Warsaw POL"]
[Date "2012.12.16"]
[Round "10.28"]
[White "Romanov, Evgeny"]
[Black "Girya, Olga"]
[Result "1-0"]
[WhiteTitle "GM"]
[BlackTitle "WGM"]
[WhiteElo "2616"]
[BlackElo "2467"]
[WhiteFideId "4148843"]
[BlackFideId "4195752"]
[EventDate "2012.12.15"]

1. c4 e5 2. g3 Nf6 3. Bg2 d5 4. cxd5 Nxd5 5. Nf3 Nc6 6. O-O Be7 7. d4 exd4 8.
Nxd4 Ndb4 9. Nxc6 Nxc6 10. Nc3 O-O 11. Bf4 Nd4 12. Bxc7 Qxc7 13. Nd5 Qe5 14.
Nxe7+ Qxe7 15. Qxd4 Qxe2 16. Rfe1 Qg4 17. Qxg4 Bxg4 18. Re7 Rab8 19. Bxb7 Rfd8
20. b3 Kf8 21. Rc7 Rd2 22. Bg2 a5 23. Ra7 Rb5 24. Bf1 Rc5 25. Bc4 Be6 26. Bxe6
fxe6 27. a4 Rcc2 28. Rf1 Rb2 29. Rc1 Rd8 30. Rcc7 Rxb3 31. Rf7+ Kg8 32. Rxg7+
Kh8 33. Rxh7+ Kg8 34. Rag7+ Kf8 35. Rf7+ Kg8 36. Rhg7+ Kh8 37. Rh7+ Kg8 38.
Rhg7+ Kh8 39. Rg5 1-0

[Event "Amplico ch-EUR Rapid"]
[Site "Warsaw POL"]
[Date "2012.12.16"]
[Round "10.29"]
[White "Czerwonski, Aleksander"]
[Black "Mista, Aleksander"]
[Result "0-1"]
[WhiteTitle "IM"]
[BlackTitle "GM"]
[WhiteElo "2377"]
[BlackElo "2562"]
[WhiteFideId "1100459"]
[BlackFideId "1110381"]
[EventDate "2012.12.15"]

1. d4 Nf6 2. c4 d6 3. Nc3 Nbd7 4. e4 e5 5. Nf3 g6 6. Be2 Bg7 7. O-O O-O 8. Re1
a6 9. Bf1 c6 10. h3 Re8 11. d5 cxd5 12. cxd5 b5 13. a3 Nb6 14. Be3 Bd7 15. Nd2
Qb8 16. b4 Rc8 17. Qb3 Nh5 18. Rac1 f5 19. exf5 gxf5 20. Be2 Nf6 21. f4 e4 22.
Kh2 Qb7 23. Red1 Be8 24. Nf1 Bf7 25. Bd4 Nbxd5 26. Nxd5 Qxd5 27. Rxc8+ Rxc8 28.
Qb2 Qb3 29. Ne3 Qxb2 30. Bxb2 d5 31. Bd4 Be6 32. g4 Ne8 33. gxf5 Bxd4 34. Rxd4
Bf7 35. Kg1 Nf6 36. Ng4 Kg7 37. Bd1 Nh5 38. a4 Nxf4 39. axb5 axb5 40. Kh2 Rc3
41. Nf2 Kf6 42. Rxe4 Nxh3 43. Ng4+ Kxf5 44. Re7 Ng5 45. Nh6+ Kf6 46. Rb7 Rh3+
47. Kg2 Rxh6 48. Rxb5 Bg6 49. Rb6+ Ke5 50. Kg3 Rh1 51. Bb3 Rh3+ 0-1